000 00491nam a2200181Ia 4500
005 20260423135346.0
008 260423s9999 xx 000 0 und d
020 _a978-0170411028
082 _a657.044
_bTRO-F
100 _aTrotman, Ken
245 0 _aFinancial Accounting:
_bAn Integrated Approach
250 _a7th Ed
260 _bCengage Australia
_aAustralia
_c2019
300 _a737 p.
500 _aIncludes a glossary and index.
650 _aFinancial accounting
942 _cBK
999 _c47386
_d47386